| 000 | 00640nam a2200217 a 4500 | ||
|---|---|---|---|
| 008 | |||
| 020 | _a1854312995 (pbk.) | ||
| 049 | _aMAIN | ||
| 090 | 0 | 0 | _aBF637.N4 |
| 100 | 1 | _aAlexander, James. | |
| 245 | 1 | 0 |
_aClient care: _bLegal practice handbook / _cJames Alexander. |
| 260 |
_aLondon : _bBlackstone Press, _c1993. |
||
| 300 |
_aviii, 128 p. : _bill. ; _c22 cm. |
||
| 440 | 1 | _aLegal practice handbook. | |
| 504 | _aIncludes bibliographical references. | ||
| 907 |
_a.b10142630 _b09-12-04 _c08-12-04 |
||
| 003 | |||
| 005 | 20230123133857.0 | ||
| 040 | _cNUST | ||
| 942 |
_cBOOKS _kBF637.N4 |
||
| 999 |
_c156159 _d156159 |
||